| 000 | 00355nam a2200133Ia 4500 | ||
|---|---|---|---|
| 008 | 240624s9999 xx 000 0 und d | ||
| 041 | _aeng | ||
| 082 | _a658 TEN | ||
| 100 | _aTENGBLAD STEFAN | ||
| 245 | _aWORK OF MANAGERS TOWARDS A PRACTICE THEO | ||
| 260 |
_c2013 _aNew Delhi _bOxford India |
||
| 300 | _axviii, : 365 : p. : cm. ; 23 | ||
| 365 |
_cRS _b31 |
||
| 999 |
_c23436 _d23436 |
||